Les plus grandes villes d'Allemagne - Statistiques

Statistiques générales
  • Ce quiz a été pris 398 fois
  • Le résultat moyen est 21 sur 40
Statistiques - réponses
Population Villes % Correct
3 520 031 Berlin
100%
1 450 381 Munich
98%
1 787 408 Hambourg
97%
732 688 Francfort-sur-le-Main
93%
1 060 582 Cologne
92%
623 738 Stuttgart
86%
586 181 Dortmund
83%
560 472 Leipzig
80%
612 178 Dusseldorf
79%
509 975 Nuremberg
79%
557 464 Brême
75%
543 825 Dresde
75%
532 163 Hanovre
73%
318 809 Bonn
66%
582 624 Essen
65%
305 780 Mannheim
59%
246 306 Kiel
58%
245 885 Aix-la-Chapelle
57%
226 393 Fribourg-en-Brisgau
47%
209 779 Mayence
47%
491 231 Duisbourg
45%
307 755 Karlsruhe
43%
206 011 Rostock
43%
333 090 Bielefeld
42%
286 374 Augsbourg
41%
364 742 Bochum
40%
310 039 Munster
40%
216 253 Lubeck
36%
260 368 Gelsenkirchen
33%
259 996 Monchengladbach
33%
350 046 Wuppertal
33%
235 723 Magdebourg
32%
210 118 Erfurt
31%
276 218 Wiesbaden
28%
251 364 Brunswick
22%
248 645 Chemnitz
22%
197 984 Cassel
21%
236 991 Halle
21%
225 144 Krefeld
15%
210 934 Oberhausen
14%
Aucun quiz correspondant
Distribution des résultats
% des personnes avec chaque résultat
Percentile par nombre de réponses
Votre historique - résultats
Vous n’avez pas pris ce quiz